Mujeres latinoamericanas en cifras: tomo comparativo
I tiakina i:
| Ngā kaituhi matua: | , |
|---|---|
| Hōputu: | Pukapuka |
| Reo: | Pāniora |
| I whakaputaina: |
Santiago
Flacso
1995
|
| Ngā marau: | |
| Ngā Tūtohu: |
Tāpirihia he Tūtohu
Kāore He Tūtohu, Me noho koe te mea tuatahi ki te tūtohu i tēnei pūkete!
|
MARC
| LEADER | 00000cam a2200000 a 4500 | ||
|---|---|---|---|
| 001 | UCN9195 | ||
| 003 | CL-VaPUC | ||
| 008 | 011130e19950000CL |||||||||||||||||spa|d | ||
| 082 | 0 | 4 | |a 305.4 |b VAL |2 21 |
| 100 | 0 | |a Valdés Echeñique, Teresa |e author |9 465696 | |
| 700 | |a Gomáriz Moraga, Enrique |e author |9 599956 | ||
| 245 | 1 | 0 | |a Mujeres latinoamericanas en cifras: tomo comparativo |
| 300 | |a 199 p | ||
| 942 | |c BK | ||
| 945 | |d 20011130 00:00:00 |a vberengu | ||
| 260 | |a Santiago |b Flacso |c 1995 | ||
| 650 | 0 | |a Mujeres |9 257649 | |
| 650 | 0 | |a Condiciones sociales |9 257278 | |
| 650 | 7 | |a MUJERES - ASPECTOS SOCIALES |2 CL-VaPUC |9 311584 | |
| 651 | 7 | |a CHILE |2 CL-VaPUC |9 465698 | |
| 583 | |a last modification |c 20111206 08:40:48 |k Rodrigo Vera | ||
| 999 | |c 298717 |d 298715 | ||
| 952 | |0 0 |1 0 |4 0 |6 305_400000000000000_VAL_1995 |7 0 |8 A |9 354537 |a BIBGIM |b BIBGIM |d 2019-11-21 |i 3745341 |o 305.4 VAL 1995 |p 3745341 |r 2025-01-15 |w 2019-11-21 |y BK |k GIM | ||
| 952 | |0 0 |1 0 |2 ddc |4 0 |6 305_400000000000000_VAL_1995 |7 0 |8 A |9 354538 |a BIBCUR |b BIBCUR |c PAC |d 2019-11-21 |i 4806883 |o 305.4 VAL 1995 |p 4806883 |r 2025-04-22 |w 2019-11-21 |y BK |k PER | ||
| 952 | |0 0 |1 0 |2 ddc |4 0 |6 305_400000000000000_VAL_1995 |7 0 |8 A |9 354540 |a BIBCUR |b BIBCUR |c PAC |d 2019-11-21 |i 4806905 |o 305.4 VAL 1995 |p 4806905 |r 2025-04-22 |w 2019-11-21 |y BK |k PER | ||
| 952 | |0 0 |1 0 |2 ddc |4 0 |6 305_400000000000000_VAL_1995 |7 0 |8 A |9 354541 |a BIBCUR |b BIBCUR |c PAC |d 2019-11-21 |i 4806913 |o 305.4 VAL 1995 |p 4806913 |r 2025-04-22 |w 2019-11-21 |y BK |k PER | ||
| 952 | |0 0 |1 0 |4 0 |6 305_400000000000000_VAL_1995 |7 0 |8 A |9 354542 |a BIBCUR |b BIBCUR |d 2019-11-21 |i 4806921 |o 305.4 VAL 1995 |p 4806921 |r 2025-04-22 |w 2019-11-21 |y BK |k PER | ||
| 952 | |0 0 |1 0 |4 0 |6 305_400000000000000_VAL_1995 |7 0 |8 A |9 354544 |a BIBCUR |b BIBCUR |d 2019-11-21 |i 4806948 |o 305.4 VAL 1995 |p 4806948 |r 2025-04-22 |w 2019-11-21 |y BK |k PER | ||